000
00284nam a2200109Ia 4500
001
1272314
005
20260417151426.0
008
260417s9999 xx 000 0 und d
020
_a
9786258486643
245
0
_a
Masal Krallığı - Kuşçu Ali
_c
Didem Demirel
260
_b
Ketebe Çocuk
999
_c
1272314
_d
1272314